000 00396nam a2200169Ia 4500
003 GCL
008 140319s9999 xx 000 0 eng d
040 _aGCL /
_cGCL
082 0 4 _a896
_bN H
100 1 _aNANA, HAMIDA
245 1 0 _aTHE HOMELAND /
_cNANA, HAMIDA
260 _a[S.N] :
_bDAR ALADAB ،
_c1995
300 _a160 P
650 0 4 _aLITERATURE
650 0 4 _aSTORIES
942 _2ddc
_cBK
999 _c24834
_d24834